000 00512nam a2200181Ia 4500
008 230711s9999||||xx |||||||||||||| ||und||
020 _a978-93-89949-34-6
041 _aENG
082 _a658.403
_bJA-M
100 _aJawadekar, Waman S
245 0 _aManagement Information Systems: Text and Cases
250 _a6th Ed.
260 _c2020
_aNew Delhi
_bMcGraw Hill Education(India) Private Limited
300 _a746p.
650 _aUNIVESITY BUSNIESS SCHOOL
700 _aDubey, Sanjiva Shankar
942 _cBK
999 _c6927
_d6927